| 000 | 00885 a2200229 4500 | ||
|---|---|---|---|
| 040 |
_aDLC _bDLC |
||
| 082 | 0 | 4 | _a621.382/16 |
| 100 | 1 | _aFarrel, Adrian. | |
| 245 | 1 | 0 |
_aGMPLS: [electronic resource] : architecture and applications _h[electronic resource] : _barchitecture and applications _cAdrian Farrel, Igor Bryskin. |
| 256 | _aComputer document. | ||
| 260 |
_aSan Francisco, Calif. : _bMorgan Kaufmann/Elsevier, _cc2006 |
||
| 500 | _aTitle from title screen. | ||
| 538 | _aMode of access: Internet via World Wide Web. | ||
| 650 | 0 |
_aTelecommunication _xTraffic _xManagement. |
|
| 650 | 0 |
_aComputer networks _xManagement. |
|
| 650 | 0 | _aInternet. | |
| 655 | 7 | _aElectronic books. | |
| 700 | 1 |
_aBryskin, Igor. _4aut |
|
| 710 | 2 | _aBooks24x7, Inc. | |
| 856 | 4 | 0 | _uhttp://www.indiana.edu/~sirsi/proxy.cgi?http://www.books24x7.com/marc.asp?bookid=17831 |
| 942 |
_cBK _k621.38216 FAR _2ddc |
||
| 999 |
_c8268 _d8268 |
||